CEBs: cuando la vivencia de la fe sacude el sentido común de los pobres
Đã lưu trong:
| Tác giả chính: | |
|---|---|
| Tác giả của công ty: | |
| Định dạng: | Sách |
| Ngôn ngữ: | Spanish |
| Được phát hành: |
San José, Costa Rica
DEI
1986
|
| Những chủ đề: | |
| Các nhãn: |
Thêm thẻ
Không có thẻ, Là người đầu tiên thẻ bản ghi này!
|
MARC
| LEADER | 00000nam a22000007a 4500 | ||
|---|---|---|---|
| 003 | cru CIDCACS/IIS | ||
| 005 | 20220317085123.0 | ||
| 008 | 180911b1986 cr ||||| |||| 00| 0 spa d | ||
| 040 | |c cru CIDCACS/IIS | ||
| 090 | |a REV0750 (8) 1986 | ||
| 100 | 1 | |9 7656 |a Assmann, Hugo | |
| 110 | 2 | |9 7636 |a Departamento Ecuménico de Investigaciones (DEI) | |
| 245 | 1 | |a CEBs: |b cuando la vivencia de la fe sacude el sentido común de los pobres |c Hugo Assmann | |
| 260 | |a San José, Costa Rica |b DEI |c 1986 | ||
| 300 | |a 9-11; 14-22 páginas | ||
| 650 | 1 | 0 | |a LUCHA POLITICA |9 5432 |
| 650 | 1 | 0 | |9 2795 |a RELIGION |
| 650 | 1 | 0 | |9 284 |a POBREZA |
| 650 | 1 | 4 | |9 5078 |a COMUNICACION DE MASAS |
| 651 | 1 | 0 | |9 17 |a AMERICA LATINA |
| 651 | 1 | 0 | |9 387 |a BRASIL |
| 773 | 0 | |0 41641 |9 2244 |a Departamento Ecuménico de Investigaciones (DEI) |d San José, Costa Rica Departamento Ecuménico de Investigaciones (DEI) |o 20030 |t Pasos / | |
| 942 | |2 ddc |c PP | ||
| 999 | |c 41670 |d 41670 | ||
